Loading...
| History - World History | 1 | 4 | 1 | 1 | 50 | 69 | 108.60 | 1 | 2 |
| History - European History | 1 | 3 | 0 | 0 | 45 | 35 | 77.75 | 1 | 2 |
| Social Science | 0 | 5 | 1 | 1 | 45 | 64 | 99.20 | 1 | 2 |
| Beliefs | 0 | 4 | 0 | 2 | 40 | 81 | 111.00 | 1 | 1 |
| History - American History | 1 | 2 | 1 | 0 | 30 | 50 | 79.67 | 1 | 3 |
| Visual Arts | 0 | 2 | 0 | 0 | 20 | 111 | 113.00 | 0 | 1 |
| Auditory Arts | 1 | 0 | 0 | 0 | 15 | 39 | 39.00 | 1 | 1 |
| Fine Arts - Other Arts | 0 | 1 | 0 | 0 | 10 | 113 | 113.00 | 0 | 1 |
| History - Ancient History | 0 | 1 | 0 | 0 | 10 | 76 | 76.00 | 0 | 0 |
| Science - Other Science | 0 | 1 | 0 | 0 | 10 | 109 | 109.00 | 0 | 1 |
| Current Events | 0 | 1 | 1 | 0 | 5 | 95 | 95.00 | 1 | 1 |
| Science - Biology | 0 | 0 | 1 | 0 | -5 | 0.00 | 0 | 0 | |
| History - Other History | 0 | 0 | 2 | 0 | -10 | 0.00 | 0 | 0 |